[Event "Dulles Cherry Blossom op"]
[Site "Dulles"]
[Date "2022.05.30"]
[Round "8"]
[White "Pillai, Adithya"]
[Black "Jegan, Alan"]
[Result "0-1"]
[WhiteElo "1771"]
[BlackElo "1883"]
[PlyCount "147"]
[EventDate "2022.05.26"]
[EventType "swiss"]
[EventRounds "9"]
[EventCountry "USA"]
[SourceTitle "CBM 208 Extra"]
[Source "ChessBase"]
[SourceDate "2022.07.31"]
[SourceVersion "1"]
[SourceVersionDate "2022.07.31"]
[SourceQuality "1"]

1. e4 c5 2. Nf3 g6 3. g3 Nc6 4. Bg2 d6 5. 0-0 Bg4 6. h3 Bxf3 7. Qxf3 Bg7 8. d3 Nf6 9. c3 0-0 10. Be3 Nd7 11. Qd1 Rb8 12. Nd2 b5 13. Rc1 Qa5 14. a3 Rfc8 15. d4 cxd4 16. cxd4 Nb6 17. e5 d5 18. Nb3 Qa4 19. Nc5 Qxd1 20. Rfxd1 e6 21. b3 Bf8 22. Bf1 Bxc5 23. Rxc5 a6 24. Rdc1 Na5 25. R1c3 Rxc5 26. dxc5 Na8 27. c6 Rc8 28. c7 Kf8 29. a4 bxa4 30. bxa4 Nc4 31. Bxc4 dxc4 32. Rxc4 Rxc7 33. Rb4 Rc8 34. Rb7 Nc7 35. Bc5+ Ke8 36. Bd6 Nd5 37. Ra7 Rc6 38. Ra8+ Kd7 39. Rf8 f6 40. Rf7+ Ke8 41. Rxh7 fxe5 42. Bxe5 Rc4 43. Rg7 Ne7 44. a5 Rc5 45. Bd6 Rc1+ 46. Kg2 Nf5 47. Rg8+ Kf7 48. Rf8+ Kg7 49. Bb4 e5 50. Ra8 Rc6 51. Rb8 e4 52. Rb6 Rc4 53. Be1 Rc1 54. Kf1 Nd4 55. Rb4 Rxe1+ 56. Kg2 Nc6 57. Rb6 Nxa5 58. Rxa6 Nc4 59. Ra4 Ne5 60. g4 g5 61. Ra7+ Kf8 62. Ra8+ Ke7 63. h4 gxh4 64. Kh3 Nf3 65. g5 Rh1+ 66. Kg4 Rg1+ 67. Kf4 Nxg5 68. Ra5 h3 69. Re5+ Ne6+ 70. Ke3 h2 71. Rh5 h1Q 72. Rh4 Qh3+ 73. Rxh3 Rh1 74. Rxh1 0-1

[Event "Dulles Cherry Blossom op"]
[Site "Dulles"]
[Date "2022.05.29"]
[Round "7"]
[White "Jian, Alex"]
[Black "Pillai, Adithya"]
[Result "1-0"]
[WhiteElo "2055"]
[BlackElo "1771"]
[PlyCount "103"]
[EventDate "2022.05.26"]
[EventType "swiss"]
[EventRounds "9"]
[EventCountry "USA"]
[SourceTitle "CBM 208 Extra"]
[Source "ChessBase"]
[SourceDate "2022.07.31"]
[SourceVersion "1"]
[SourceVersionDate "2022.07.31"]
[SourceQuality "1"]

1. d4 Nf6 2. c4 g6 3. Nc3 Bg7 4. e4 d6 5. Nf3 0-0 6. Be2 Nbd7 7. Be3 e5 8. d5 Qe7 9. Nd2 c5 10. a3 Kh8 11. b4 b6 12. Nb3 Ng8 13. Qd2 f5 14. f3 Ndf6 15. 0-0 fxe4 16. fxe4 Bg4 17. Rab1 Bxe2 18. Qxe2 Bh6 19. Bxh6 Nxh6 20. g3 Nd7 21. Nb5 Rf7 22. Qd2 Rxf1+ 23. Rxf1 Nf7 24. Qf2 Ng5 25. Qe3 Nf7 26. Nd2 a6 27. Nc7 Ra7 28. Ne6 Nf8 29. Nxf8 Qxf8 30. bxc5 bxc5 31. Qb3 Qe7 32. Rb1 Kg7 33. Qb8 Rd7 34. Qc8 Rc7 35. Qb8 Rd7 36. h4 Rd8 37. Qb6 Rd7 38. Kg2 Nd8 39. Qb8 Nf7 40. Nf3 Nd8 41. Qc8 Rc7 42. Qb8 Rd7 43. Qc8 Rc7 44. Qxa6 Ra7 45. Qc8 Rxa3 46. Ng5 Qf6 47. Qxd8 Rxg3+ 48. Kxg3 Qf4+ 49. Kh3 Qe3+ 50. Kg2 Qe2+ 51. Kg3 Qe3+ 52. Nf3 1-0

[Event "PNWCC Online Masters WOO"]
[Site "Chess.com INT"]
[Date "2020.07.06"]
[Round "8"]
[White "Pillai, Adithya"]
[Black "Padhye, Rohan"]
[Result "1-0"]
[WhiteElo "1663"]
[BlackElo "1716"]
[PlyCount "113"]
[EventDate "2020.07.04"]
[EventType "swiss (rapid)"]
[EventRounds "9"]
[EventCountry "USA"]
[SourceTitle "CBM 197 Extra"]
[Source "ChessBase"]
[SourceDate "2020.09.30"]
[SourceVersion "1"]
[SourceVersionDate "2020.09.30"]
[SourceQuality "1"]

1. e4 e5 2. Nf3 Nc6 3. Bb5 a6 4. Ba4 Nf6 5. 0-0 Be7 6. Re1 b5 7. Bb3 d6 8. c3 0-0 9. h3 Na5 10. Bc2 c5 11. d4 Nd7 12. a4 Rb8 13. d5 b4 14. Nbd2 Bf6 15. c4 g6 16. b3 Bg7 17. Nf1 Nb6 18. Ng3 Nbxc4 19. bxc4 b3 20. Bxb3 Rxb3 21. Bd2 Rb8 22. Qc2 Bd7 23. Rab1 Qc7 24. Nh2 f5 25. exf5 gxf5 26. Nh5 f4 27. Nxg7 Kxg7 28. Qc3 Nb7 29. a5 h6 30. Rb6 Kh7 31. Reb1 Bf5 32. R1b2 Qg7 33. Bxf4 Bxh3 34. Bg3 Bf5 35. R2b3 Qc7 36. Rc6 Qe7 37. Rcb6 Qc7 38. Rc6 Qe7 39. Rxa6 Ra8 40. Rbb6 Rfc8 41. Rxa8 Rxa8 42. a6 Nd8 43. Nf3 Qc7 44. Qb2 Bd3 45. Bh4 Kg6 46. Bxd8 Rxd8 47. Nxe5+ Kf5 48. Nxd3 Ke4 49. Qe2+ Kd4 50. Rb7 Qa5 51. Qe3+ Kxc4 52. Nb2+ Kxd5 53. Qd3+ Kc6 54. Qe4+ d5 55. Qe6+ Rd6 56. Qc8+ Qc7 57. Qxc7# 1-0

[Event "PNWCC Online Masters WOO"]
[Site "Chess.com INT"]
[Date "2020.07.04"]
[Round "2.55"]
[White "Kumar, Naman"]
[Black "Pillai, Adithya"]
[Result "1-0"]
[WhiteElo "2115"]
[BlackElo "1663"]
[PlyCount "63"]
[EventDate "2020.07.04"]
[EventType "swiss (rapid)"]
[EventRounds "9"]
[EventCountry "USA"]
[SourceTitle "CBM 197 Extra"]
[Source "ChessBase"]
[SourceDate "2020.09.30"]
[SourceVersion "1"]
[SourceVersionDate "2020.09.30"]
[SourceQuality "1"]

1. d4 Nf6 2. c4 g6 3. Nc3 Bg7 4. e4 d6 5. Nf3 0-0 6. Be2 e5 7. d5 a5 8. 0-0 Na6 9. Be3 h6 10. h3 Nd7 11. a3 f5 12. b4 f4 13. Bd2 Nf6 14. c5 Rf7 15. c6 bxc6 16. dxc6 Be6 17. Rb1 Bf8 18. Qc2 Rg7 19. Nd5 Nxd5 20. Bc4 g5 21. exd5 Bf7 22. g3 h5 23. gxf4 gxf4+ 24. Kh2 e4 25. Qxe4 Bg6 26. Qe6+ Kh7 27. Rbe1 Re7 28. Ng5+ Kg7 29. Bc3+ Kh6 30. Qf6 Rxe1 31. Nf7+ Kh7 32. Qh8# 1-0